| 000 | 00402nam a22001577a 4500 | ||
|---|---|---|---|
| 999 |
_c525242 _d525242 |
||
| 003 | NUST | ||
| 020 | _cPaperback | ||
| 038 | _aM. Shaban | ||
| 082 |
_a297.04 _bKHA |
||
| 245 | _aKhatbaat e askar / | ||
| 260 |
_aRawalpindi : _bArmi General Headquarter, _c1998. |
||
| 300 | _a242 p. ; | ||
| 710 |
_aArmi Education Directorate _915986 |
||
| 880 |
_6245-02\r _aخطباتِ عسکر / |
||
| 942 |
_2ddc _cBK |
||